1921 1979 1990 1605 1757 1197 1748 1419 1584 1994 1495 1300 1338 1527 1706 1923 1597 1412 1183 1213 1437 1647 1664 1403 1582 1475 1693 1939 1729 1178 1044 1061 1001 1229 1491 1124 1854 1112 1839 1765 1913 1497 1015 1636 1903 1179 1915 1590 1716 1100 1261 1134 1998 1632 1763 1256 1638 1280 1189 1398 1730 1039 1819 1561 1448 1741 1887 1824 1122 1720 1852 1560 1730 1142 1756 1011 1117 1130 1681 1471 1352 1838 1087 1122 1116 1095 1820 1457 1495 1469 1140 1736 1532 1195 1557 1342 1878 1147 1842 BCNSPRNW ULIB Ver.6.0+V

เปลี่ยนเป็นภาษาไทย

Change to English
 แสดงรายละเอียดบรรณานุกรม
  กลับหน้าหลัก

Brief Record : Get Marc (ISO 2709) : E-mail record : QR code < ปิดหน้าต่าง
LEADER : 00000nam 2200000uu 4500
001    13399120281
003     ULIB
008    120918s2550||||th 000 0 tha d
020    ^a9746434578 (ล.1)
020    ^a9746434586 (ล.2)
020    ^a9746434594 (ล.3)
060 04 ^aWY160^bม246ก 2550
110 2  ^aมหาวิทยาลัยสุโขทัยธรรมาธิราช. ^bสาขาวิชาพยาบาลศาสตร์
245 10 ^aการส่งเสริมสุขภาพจิตและการพยาบาลจิตเวช หน่วยที่ 1-7=^bMental healthpromotion and psychiatric nursing /^cสาขาวิชาพยาบาลศาสตร์ มหาวิทยาลัยสุโขทัยธรรมาธิราช
250    ^aพิมพ์ครั้งที่ 6
260    ^aนนทบุรี :^bสำนักพิมพ์มหาวิทยาลัยสุโขทัยธรรมาธิราช,^c2550
300    ^a423 หน้า. ;^c30 ซม.
500    ^a"เอกสารการสอนชุดวิชา 51102 หน่วยที่ 1-7, 8-10, 11-15" --หน้าปกใน
650  7 ^aการพยาบาลจิตเวชศาสตร์
650  7 ^aการส่งเสริมสุขภาพจิต
945    ^p0^l0^i14746
945    ^p0^l0^i24420
995    ^aวิภา
999 ^a ใช้งานได้ทุกระบบ
รายการนี้ยังไม่มีแท็ก
คุณยังไม่ได้ล็อกอิน คุณสามารถมีกิจกรรมร่วมกับเว็บไซต์ได้ แต่ต้องล็อกอินก่อน ::
  ล็อกอิน

รายการสื่อสารสนเทศ

ลำดับที่ ประเภท เลขเรียก/บาร์โค้ด สถานที่ สถานะ
1. Book การพยาบาล
Book การพยาบาล
WY160 ม246ก 2550  
  Barcode: 14746
ห้องสมุดวิทยาเขตนครสวรรค์
►ส่วนจัดเก็บหนังสือเก่า นว.
บนชั้น
  ขอยืม
2. Book การพยาบาล
Book การพยาบาล
สถานะ=หนังสือเก่า
WY160 ม246ก 2550 ฉ.2 
  Barcode: 24420
ห้องสมุดวิทยาเขตนครสวรรค์
►หนังสือทั่วไป:l:General Books
บนชั้น

รายการใกล้เคียง
    หัวเรื่อง [การพยาบาลจิตเวชศาสตร์]
    หัวเรื่อง [การส่งเสริมสุขภาพจิต]

BibComment


ยังไม่เคยถูกคอมเมนท์

คอมเมนท์ทรัพยากรรายการนี้
  คอมเมนท์: การส่งเสริมสุขภา..


 Copyright 2026. Bcnsprnw @Library